Exportação concluída — 

Thủy khí động lực kĩ thuật; T1

Gorde:
Xehetasun bibliografikoak
Egile nagusia: Vũ Duy Quang
Formatua: Liburua
Hizkuntza:Undetermined
Argitaratua: Hà Nội ĐH và THCN 1979
Gaiak:
Etiketak: Etiketa erantsi
Etiketarik gabe, Izan zaitez lehena erregistro honi etiketa jartzen!
Thư viện lưu trữ: Trung tâm Học liệu Trường Đại học Cần Thơ
LEADER 00498nam a2200169Ia 4500
001 CTU_17705
008 210402s9999 xx 000 0 und d
082 |a 620.106 
082 |b Ph308/T1 
100 |a Vũ Duy Quang 
245 0 |a Thủy khí động lực kĩ thuật; T1 
245 0 |c Vũ Duy Quang, Trần Sĩ Phiệt 
260 |a Hà Nội 
260 |b ĐH và THCN 
260 |c 1979 
650 |a fluid mechanics 
980 |a Trung tâm Học liệu Trường Đại học Cần Thơ